[Event "22nd Hoogeveen Open 2018"]
[Site "Hoogeveen"]
[Date "2018.10.25"]
[Round "7"]
[White "De Boer, Bas"]
[Black "Kokje, Joris"]
[Result "1/2-1/2"]
[WhiteElo "2102"]
[BlackElo "2232"]
[Annotator "NA"]
[PlyCount "64"]
[EventDate "2018.10.20"]
[EventType "swiss"]
[EventCountry "NED"]
[SourceTitle "playchess.com"]
[Source "ChessBase"]
[SourceQuality "1"]
[TimeControl "40/5400+30:1800+30"]

{[%evp 20,63,15,3,5,7,12,2,25,0,24,2,110,59,101,0,-25,-20,32767,32767,32767,32767,0,0,20,18,29,32767,32767,32767,32767,32767,106,32767,32767,113,120,32767,128,32767,32767,32767,32767,32767,99,105]} 1. d4 {[%emt 0:00:00]} f5 {[%emt 0:00:00]} 2. g3 {[%emt 0:00:00]} Nf6 {[%emt 0:00:00]} 3. Bg2 {[%emt 0:00:00]} g6 {[%emt 0:00:00]} 4. Nf3 {[%emt 0:00:00]} Bg7 {[%emt 0:00:00]} 5. O-O {[%emt 0:00:00]} d6 {[%emt 0:00:00]} 6. b3 {[%emt 0:00:22]} O-O {[%emt 0:00:24]} 7. Bb2 {[%emt 0:00:08]} c6 {[%emt 0:00:05]} 8. c4 {[%emt 0:01:41]} a5 {[%emt 0:00:22]} 9. Nbd2 {[%emt 0:02:52]} Qc7 {[%emt 0:00:36] A87: Holländische Verteidigung (Leningrader Variante)} 10. Qc2 {[%emt 0:03:57]} Na6 {[%emt 0:02:32]} 11. a3 {[%emt 0:09:25]} Re8 {[%emt 0:02:12]} 12. e4 {[%emt 0:07:06]} fxe4 {[%emt 0:10:25]} 13. Nxe4 {[%emt 0:00:36]} Nxe4 {[%emt 0:00:20]} 14. Qxe4 {[%emt 0:00:07] LiveBook: 4 Games} Bf5 {[%emt 0:01:18]} 15. Qe3 {[%emt 0:01:27] [#]} c5 $146 {[%emt 0:04:36]} ({Vorgänger:} 15... e5 $11 {hält das Gleichgewicht.} 16. dxe5 dxe5 17. Ng5 Bh6 18. h4 {0-1 (55) Georgiev,K (2596)-Cheparinov,I (2693) Kozloduy 2018}) 16. Ng5 {[%emt 0:05:10]} cxd4 {[%emt 0:07:04]} 17. Bd5+ {[%emt 0:16:10]} (17. Bxd4 $16 Bxd4 18. Qxd4) 17... e6 $1 {[%emt 0:03:17]} 18. Nxe6 {[%emt 0:00:36]} Bxe6 {[%emt 0:00:11]} 19. Bxe6+ {[%emt 0:00:10]} Kh8 {[%emt 0:00:18]} 20. Bxd4 {[%emt 0:00:13]} Nc5 {[%emt 0:00:24]} 21. Bxc5 $1 {[%emt 0:01:04]} Bxa1 {[%emt 0:00:40]} 22. Bb6 {[%emt 0:04:12]} ({Reject} 22. Rxa1 dxc5 23. Qc3+ Qg7 $17) 22... Qe7 {[%emt 0:00:55]} 23. Bd5 {[%emt 0:02:37]} Qg7 {[%emt 0:02:44]} 24. Qd3 {[%emt 0:02:22]} Be5 {[%emt 0:04:08]} 25. h4 {[%emt 0:04:40]} Re7 {[%emt 0:05:46]} 26. Kg2 {[%emt 0:00:46]} a4 {[%emt 0:02:41]} 27. b4 {[%emt 0:01:34]} Rf8 {[%emt 0:04:28]} 28. Be3 {[%emt 0:02:15]} Rfe8 {[%emt 0:01:58]} 29. Bg5 {[%emt 0:03:08]} Bf6 {[%emt 0:00:27]} 30. Be3 {[%emt 0:00:08]} Be5 {[%emt 0:01:07]} 31. Bg5 {[%emt 0:00:14]} Bf6 $16 {[%emt 0:02:22]} 32. Bf4 {[%emt 0:00:16]} Be5 {[%emt 0:00:17]} 1/2-1/2

[Event "22nd Hoogeveen Open 2018"]
[Site "Hoogeveen"]
[Date "2018.10.25"]
[Round "7"]
[White "Mijnheer, Peter"]
[Black "Klaren, Duncan"]
[Result "0-1"]
[WhiteElo "2092"]
[BlackElo "1950"]
[Annotator "NA"]
[PlyCount "102"]
[EventDate "2018.10.20"]
[EventType "swiss"]
[EventCountry "NED"]
[SourceTitle "playchess.com"]
[Source "ChessBase"]
[SourceQuality "1"]
[TimeControl "40/5400+30:1800+30"]

1. e4 {[%emt 0:00:00]} c5 {[%emt 0:00:00]} 2. Nf3 {[%emt 0:00:00]} d6 {[%emt 0:00:00]} 3. d4 {[%emt 0:00:00]} cxd4 {[%emt 0:00:00]} 4. Nxd4 {[%emt 0:00:00]} Nf6 {[%emt 0:00:00]} 5. Nc3 {[%emt 0:00:07]} a6 {[%emt 0:00:00]} 6. Be2 {[%emt 0:00:08]} e5 {[%emt 0:00:00]} 7. Nb3 {[%emt 0:00:08]} Be7 {[%emt 0:00:03]} 8. O-O {[%emt 0:00:09]} O-O {[%emt 0:00:03]} 9. Qd3 {[%emt 0:00:10]} Be6 {[%emt 0:01:02]} 10. Bd2 {[%emt 0:00:08] B92: Sicilian Najdorf: 6 Be2} Nbd7 {[%emt 0:01:29]} 11. Nd5 {[%emt 0:00:10]} Bxd5 {[%emt 0:00:06]} 12. exd5 {[%emt 0:00:12]} Ne8 {[%emt 0:02:56] LiveBook: 6 Games} (12... Nc5 13. Nxc5 dxc5 14. c4 Bd6 15. Qh3 e4 16. f4 exf3 17. Rxf3 Qd7 {½-½ (28) Nepomniachtchi,I (2751)-Karjakin,S (2773) Saint Louis 2017}) 13. Qh3 {[%emt 0:02:33]} Ndf6 $146 {[%emt 0:08:07]} ({Predecessor:} 13... f5 14. Na5 Qc7 15. c4 g6 16. Rac1 Nb8 17. g4 f4 {1-0 (35) Carapinha,F (2310)-Yazgeldiev,K (2318) ICCF email 2013}) 14. c4 {[%emt 0:03:16]} a5 {[%emt 0:03:05]} 15. Rad1 {[%emt 0:38:16]} a4 {[%emt 0:19:14]} 16. Nc1 {[%emt 0:09:44]} Ne4 {[%emt 0:02:58]} 17. Bd3 {[%emt 0:02:37]} N8f6 {[%emt 0:00:16]} 18. Be3 {[%emt 0:00:37]} Qc8 {[%emt 0:01:11]} 19. Qf3 {[%emt 0:04:11]} Nc5 {[%emt 0:00:30]} 20. Bf5 {[%emt 0:00:48]} Qc7 {[%emt 0:01:43]} 21. Qh3 {[%emt 0:05:18]} g6 {[%emt 0:12:47]} 22. Bb1 {[%emt 0:02:25]} Qd7 {[%emt 0:00:38]} 23. Qg3 {[%emt 0:03:17]} Nfe4 {[%emt 0:02:39]} 24. Qf3 {[%emt 0:02:18]} f5 {[%emt 0:00:59]} 25. Qe2 {[%emt 0:16:32]} f4 {[%emt 0:06:15]} 26. Bxc5 {[%emt 0:04:56]} f3 {[%emt 0:00:46]} 27. Qxe4 {[%emt 0:02:38]} Rf4 {[%emt 0:00:08]} 28. Qxf4 {[%emt 0:00:59]} exf4 {[%emt 0:00:05]} 29. Be4 {[%emt 0:00:33]} fxg2 {[%emt 0:00:26]} 30. Bxg2 {[%emt 0:00:14]} dxc5 {[%emt 0:00:05]} 31. Nd3 {[%emt 0:00:50]} Rf8 {[%emt 0:00:17]} 32. f3 {[%emt 0:00:12]} Rf5 {[%emt 0:04:16]} 33. Nf2 {[%emt 0:00:27]} Rf6 {[%emt 0:05:07]} 34. Ne4 {[%emt 0:00:13]} Rb6 {[%emt 0:00:15]} 35. Rd2 {[%emt 0:00:48]} Kg7 {[%emt 0:00:53]} 36. d6 {[%emt 0:00:53]} Bf6 {[%emt 0:02:05]} 37. Nxc5 $19 {[%emt 0:00:21] [#]} (37. Nxf6 $18 {and life is good for White.} Kxf6 {[#]} 38. Bh3 $1 {[%mdl 512]} Rxd6 39. Bxd7 Rxd2 40. Bxa4) 37... Qc6 $1 {[%emt 0:00:41]} 38. Ne4 {[%emt 0:00:12]} Rxb2 {[%emt 0:04:47]} 39. Rxb2 {[%emt 0:00:10]} Bxb2 {[%emt 0:00:04]} 40. Rd1 {[%emt 0:00:11]} Qxc4 {[%emt 0:00:26]} 41. d7 {[%emt 0:30:36]} Bd4+ {[%emt 0:30:15]} 42. Kh1 {[%emt 0:00:13]} Bb6 {[%emt 0:00:03]} 43. Bf1 {[%emt 0:01:53]} Qxa2 {[%emt 0:11:43]} 44. d8=Q {[%emt 0:01:52]} Bxd8 {[%emt 0:00:04]} 45. Rxd8 {[%emt 0:00:08]} Qb1 {[%emt 0:00:07]} 46. Rd7+ {[%emt 0:00:00]} Kh6 {[%emt 0:00:00]} 47. Kg2 {[%emt 0:00:00]} a3 {[%emt 0:00:00]} 48. Bc4 {[%emt 0:00:00]} Qc2+ {[%emt 0:00:00]} 49. Kh3 {[%emt 0:00:00]} Qxc4 {[%emt 0:00:00]} 50. Nf6 {[%emt 0:00:00]} Qe6+ {[%emt 0:00:00]} 51. Ng4+ {[%emt 0:00:00]} Kg5 {[%emt 0:00:00]} 0-1

[Event "22nd Hoogeveen Open 2018"]
[Site "Hoogeveen"]
[Date "2018.10.25"]
[Round "7"]
[White "Jelic, Bruno"]
[Black "Emans, Job"]
[Result "1-0"]
[WhiteElo "2076"]
[BlackElo "1927"]
[Annotator "NA"]
[PlyCount "103"]
[EventDate "2018.10.20"]
[EventType "swiss"]
[EventCountry "NED"]
[SourceTitle "playchess.com"]
[Source "ChessBase"]
[SourceQuality "1"]
[TimeControl "40/5400+30:1800+30"]

1. d4 {[%emt 0:00:00]} Nf6 {[%emt 0:00:00]} 2. c4 {[%emt 0:00:00]} e6 {[%emt 0:00:00]} 3. Nf3 {[%emt 0:00:27]} b6 {[%emt 0:00:00]} 4. a3 {[%emt 0:00:44]} Bb7 {[%emt 0:00:11]} 5. Nc3 {[%emt 0:00:18]} d5 {[%emt 0:00:13]} 6. cxd5 {[%emt 0:00:31]} Nxd5 {[%emt 0:00:12]} 7. Qc2 {[%emt 0:00:22]} c5 {[%emt 0:03:31] LiveBook: 140 Partien} 8. e4 {[%emt 0:02:05] E12: Queen's Indian: Unusual White 4th moves, 4 a3, 4 Nc3 Bb7 5 a3 and 4 Nc3 Bb7} (8. dxc5 Bxc5 9. Bg5 f6 10. Bd2 O-O 11. e3 Nd7 12. Bd3 f5 13. O-O Nxc3 14. Bxc3 Bxf3 15. gxf3 Qh4 16. Kh1 Be7 17. Bb5 {½-½ (34) Korotylev,A (2573)-Tomashevsky,E (2710) Sochi 2017}) 8... Nf6 {[%emt 0:01:50]} (8... Nxc3 $11 9. bxc3 Nd7) 9. Bb5+ {[%emt 0:10:17]} Nbd7 {[%emt 0:02:18]} 10. dxc5 $146 {[%emt 0:03:52]} ({Predecessor:} 10. d5 exd5 11. e5 Ne4 12. e6 fxe6 13. Nxe4 a6 14. Bxd7+ Qxd7 15. Neg5 Bd6 {½-½ (35) Nielsen,J (2125)-Van den Brink,N (1686) Helsingor 2017}) 10... Bxc5 {[%emt 0:00:49]} 11. Bg5 {[%emt 0:06:22]} a6 {[%emt 0:05:36]} 12. Be2 {[%emt 0:12:03]} Qc7 {[%emt 0:01:43]} 13. Rc1 {[%emt 0:07:40]} Rc8 {[%emt 0:03:12]} 14. O-O {[%emt 0:01:56]} O-O {[%emt 0:01:51]} 15. Bd3 {[%emt 0:03:00]} Ne5 {[%emt 0:03:55]} 16. Qe2 {[%emt 0:05:59]} Nxd3 {[%emt 0:04:12]} 17. Qxd3 {[%emt 0:00:04]} Rfd8 {[%emt 0:00:11]} 18. Qe2 {[%emt 0:02:15]} h6 {[%emt 0:07:40]} 19. Bxf6 {[%emt 0:07:12]} gxf6 {[%emt 0:00:04]} 20. b4 {[%emt 0:01:05]} Bd6 {[%emt 0:04:51]} 21. g3 {[%emt 0:04:00]} Qc4 {[%emt 0:07:10]} 22. Qe3 {[%emt 0:02:04]} Kg7 $2 {[%emt 0:13:44]} (22... Qb3 $15 {stays ahead.} 23. Qxb6 Ba8) 23. Nd5 {[%emt 0:03:44]} Qb5 {[%emt 0:02:25]} 24. Nd4 {[%emt 0:04:06]} Qe8 {[%emt 0:00:09] [#]} 25. Nxb6 {[%emt 0:01:47]} (25. Rxc8 $1 $16 Rxc8 26. Nxb6) 25... Rxc1 {[%emt 0:05:03]} 26. Rxc1 {[%emt 0:00:16]} Be5 {[%emt 0:00:08]} 27. Nf3 {[%emt 0:01:06]} Bb2 {[%emt 0:02:40]} 28. Rb1 {[%emt 0:01:06]} Bxa3 {[%emt 0:12:52]} 29. Nc4 {[%emt 0:00:47]} Qc6 {[%emt 0:04:41]} 30. Nxa3 {[%emt 0:01:39]} ({Keinesfalls} 30. Nfd2 $6 Rxd2 31. Nxd2 Bc1 $16) 30... Qxe4 {[%emt 0:00:06]} 31. Qxe4 {[%emt 0:00:58]} Bxe4 {[%emt 0:00:03]} 32. Rb3 {[%emt 0:00:47]} Rd1+ {[%emt 0:00:11]} 33. Kg2 {[%emt 0:00:11]} Rc1 {[%emt 0:00:23]} 34. g4 {[%emt 0:02:35]} h5 {[%emt 0:03:16]} 35. gxh5 {[%emt 0:00:46]} Kh6 {[%emt 0:01:09]} 36. b5 {[%emt 0:00:52]} axb5 {[%emt 0:00:53]} 37. Nxb5 {[%emt 0:00:18]} Kxh5 {[%emt 0:00:41]} 38. Nc3 {[%emt 0:03:43]} Bd3 {[%emt 0:02:17]} 39. Na2 {[%emt 0:06:25]} Bf1+ {[%emt 0:00:50] [#]} 40. Kg3 $1 {[%emt 0:00:26]} Ra1 {[%emt 0:05:39]} 41. Nc3 {[%emt 0:31:01]} Bd3 {[%emt 0:03:47]} 42. h4 {[%emt 0:00:00]} Rh1 {[%emt 0:04:24]} 43. Rb8 {[%emt 0:00:00]} e5 {[%emt 0:09:48]} 44. Nd5 {[%emt 0:00:00]} Bf1 {[%emt 0:00:19]} 45. Rh8+ {[%emt 0:00:00]} (45. Nxf6+ $142 Kg6 46. Rb6) 45... Kg6 {[%emt 0:00:24]} 46. Rg8+ {[%emt 0:00:00]} Kh6 {[%emt 0:01:04]} 47. Nxf6 {[%emt 0:00:00]} Rh3+ {[%emt 0:03:01]} 48. Kg4 {[%emt 0:00:00]} Rh1 {[%emt 0:05:47]} 49. Ng5 {[%emt 0:00:00]} Bc4 {[%emt 0:01:06]} 50. Kf5 {[%emt 0:00:00]} Re1 {[%emt 0:03:32]} 51. Ng4+ {[%emt 0:00:00]} Kh5 {[%emt 0:00:08]} 52. Rh8# {[%emt 0:00:00]} 1-0

[Event "22nd Hoogeveen Open 2018"]
[Site "Hoogeveen"]
[Date "2018.10.25"]
[Round "7"]
[White "Minko, Dmitry"]
[Black "Biermann, Lenhard"]
[Result "1-0"]
[WhiteElo "2011"]
[BlackElo "2153"]
[Annotator "NA"]
[PlyCount "51"]
[EventDate "2018.10.20"]
[EventType "swiss"]
[EventCountry "NED"]
[SourceTitle "playchess.com"]
[Source "ChessBase"]
[SourceQuality "1"]
[TimeControl "40/5400+30:1800+30"]

{[%evp 15,49,19,12,8,48,35,77,71,82,76,196,189,214,222,211,214,229,271,32767,353,349,347,391,494,32767,350,298,335,32767,291,32767,32767,32767,32767,32767,2277]} 1. e4 {[%emt 0:00:00]} e6 {[%emt 0:00:00]} 2. d4 {[%emt 0:00:00]} d5 {[%emt 0:00:00]} 3. Nc3 {[%emt 0:00:00]} Bb4 {[%emt 0:00:00]} 4. e5 {[%emt 0:00:00]} c5 {[%emt 0:00:00]} 5. a3 {[%emt 0:00:00]} cxd4 {[%emt 0:00:00]} 6. axb4 {[%emt 0:00:03]} dxc3 {[%emt 0:00:00]} 7. Nf3 {[%emt 0:00:08]} Nd7 {[%emt 0:00:16] C18: French: 3 Nc3 Bb4: Main line: 7 h4 and 7 Qg4} (7... Ne7 8. Bd3 Ng6 9. O-O Nc6 10. Bxg6 hxg6 11. bxc3 Qc7 12. Re1 Bd7 13. Bg5 Ne7 14. Qd3 a6 15. Nd4 Rc8 16. Bxe7 Kxe7 {½-½ (24) Neumann,J (2712)-Wiacek,K (2528) ICCF email 2006}) 8. Bd3 {[%emt 0:06:08]} Ne7 {[%emt 0:01:06] LiveBook: 7 Games} 9. Qe2 {[%emt 0:18:25]} Nc6 $146 {[%emt 0:13:07]} ({Predecessor:} 9... Qc7 10. O-O Nc6 11. bxc3 Ncxe5 12. Bf4 Nxf3+ 13. Qxf3 Qxc3 14. Bd6 Qf6 15. Qg3 e5 16. Bxe5 Nxe5 {0-1 (46) Migot,T (2050)-Renaudin,M (2146) Pau 2008}) 10. b5 {[%emt 0:07:37]} Nb4 {[%emt 0:01:40]} 11. bxc3 {[%emt 0:00:28]} Nxd3+ {[%emt 0:00:30]} 12. cxd3 {[%emt 0:00:39]} Qc7 {[%emt 0:04:16] [#]} (12... O-O $16) 13. O-O $1 {[%emt 0:08:20]} Nc5 {[%emt 0:03:53] [#]} 14. Ba3 $1 {[%emt 0:02:45]} Bd7 {[%emt 0:02:07]} 15. Rfb1 {[%emt 0:06:22]} b6 {[%emt 0:03:42]} 16. Nd2 {[%emt 0:03:04]} h5 {[%emt 0:21:40]} 17. d4 {[%emt 0:03:17]} Nb7 {[%emt 0:02:13]} 18. c4 {[%emt 0:07:45]} dxc4 {[%emt 0:07:51]} 19. Nxc4 {[%emt 0:08:09]} f5 {[%emt 0:04:26]} 20. Rc1 {[%emt 0:03:41]} Bxb5 {[%emt 0:03:58]} 21. Qf3 {[%emt 0:00:32]} ({Less strong is} 21. Nd6+ Qxd6 22. Qxb5+ Qd7 $16) 21... Bc6 {[%emt 0:18:10]} 22. Nd6+ {[%emt 0:02:16]} Qxd6 {[%emt 0:00:44]} 23. Rxc6 {[%emt 0:02:14]} Qd7 {[%emt 0:02:00]} 24. Rac1 {[%emt 0:01:47]} Kd8 {[%emt 0:02:18]} 25. Qg3 $18 {[%emt 0:01:21]} Re8 {[%emt 0:00:58]} 26. Qg5+ {[%emt 0:00:11]} 1-0

[Event "22nd Hoogeveen Open 2018"]
[Site "Hoogeveen"]
[Date "2018.10.25"]
[Round "7"]
[White "Van Randtwijk, Mick"]
[Black "Biermann, Florian"]
[Result "0-1"]
[WhiteElo "1979"]
[BlackElo "2024"]
[Annotator "NA"]
[PlyCount "102"]
[EventDate "2018.10.20"]
[EventType "swiss"]
[EventCountry "NED"]
[SourceTitle "playchess.com"]
[Source "ChessBase"]
[SourceQuality "1"]
[TimeControl "40/5400+30:1800+30"]

1. d4 {[%emt 0:00:00]} Nf6 {[%emt 0:00:00]} 2. Nf3 {[%emt 0:00:00]} b6 {[%emt 0:01:12]} 3. Bf4 {[%emt 0:00:00]} d6 {[%emt 0:00:10]} 4. e3 {[%emt 0:00:33]} g6 {[%emt 0:00:08]} 5. c4 {[%emt 0:01:15]} Bg7 {[%emt 0:00:08]} 6. Nc3 {[%emt 0:00:06]} O-O {[%emt 0:00:13]} 7. Be2 {[%emt 0:01:59]} Bb7 {[%emt 0:01:16]} 8. h3 {[%emt 0:01:13]} Nfd7 {[%emt 0:01:56]} 9. Bg3 {[%emt 0:05:54]} e5 {[%emt 0:06:08]} 10. d5 {[%emt 0:02:08]} Nc5 {[%emt 0:06:10]} 11. h4 {[%emt 0:06:44]} h6 {[%emt 0:04:40]} 12. Nd2 {[%emt 0:07:10]} f5 {[%emt 0:04:01]} 13. f3 {[%emt 0:00:28]} a5 {[%emt 0:01:16]} 14. e4 {[%emt 0:04:00]} a4 {[%emt 0:07:45]} 15. Qc2 {[%emt 0:01:33]} Bc8 {[%emt 0:13:01]} 16. Bf2 {[%emt 0:02:24]} a3 {[%emt 0:03:05]} 17. b4 {[%emt 0:00:51]} Nca6 {[%emt 0:00:54]} 18. Rb1 {[%emt 0:01:42]} Nd7 {[%emt 0:04:51]} 19. Bd3 {[%emt 0:06:51]} f4 {[%emt 0:04:01]} 20. Nb5 {[%emt 0:02:06]} Nf6 {[%emt 0:01:35]} 21. Qb3 {[%emt 0:01:59]} Bd7 {[%emt 0:00:28]} 22. Nxa3 {[%emt 0:01:06]} g5 {[%emt 0:00:45]} 23. hxg5 {[%emt 0:01:48]} hxg5 {[%emt 0:01:49]} 24. Nc2 {[%emt 0:03:48]} Kf7 {[%emt 0:00:15]} 25. c5 {[%emt 0:03:08]} bxc5 {[%emt 0:01:41]} 26. Bxa6 {[%emt 0:00:26]} Rxa6 {[%emt 0:00:10]} 27. bxc5 {[%emt 0:00:12]} Qa8 {[%emt 0:00:46]} 28. c6 {[%emt 0:01:43]} Bc8 {[%emt 0:00:22]} 29. a3 {[%emt 0:01:13]} g4 {[%emt 0:00:42]} 30. Nc4 {[%emt 0:01:54]} gxf3 {[%emt 0:01:21]} 31. gxf3 {[%emt 0:00:33]} Ra4 {[%emt 0:00:43]} 32. Nb2 {[%emt 0:02:34]} Qa5+ {[%emt 0:01:11]} 33. Kd1 {[%emt 0:04:06]} Rxe4 {[%emt 0:00:42]} 34. fxe4 {[%emt 0:01:18]} Nxe4 {[%emt 0:00:18]} 35. Be1 {[%emt 0:02:55]} Bg4+ {[%emt 0:02:21]} 36. Kc1 {[%emt 0:00:04]} Nc5 {[%emt 0:00:58]} 37. Qc4 {[%emt 0:00:11]} Qa8 {[%emt 0:00:39]} 38. Nd3 {[%emt 0:01:31]} Be2 {[%emt 0:00:12]} 39. Nxe5+ {[%emt 0:00:17]} Bxe5 {[%emt 0:00:05]} 40. Qxe2 {[%emt 0:00:07]} Rh8 {[%emt 0:00:16]} 41. Rxh8 {[%emt 0:34:20]} Qxh8 {[%emt 0:30:01]} 42. Qf3 {[%emt 0:03:09]} Qh2 {[%emt 0:00:56]} 43. Bf2 {[%emt 0:01:56]} Qxf2 {[%emt 0:00:14]} 44. Qxf2 {[%emt 0:00:55]} Nd3+ {[%emt 0:00:04]} 45. Kd2 {[%emt 0:00:18]} Nxf2 {[%emt 0:00:05]} 46. Rb7 {[%emt 0:01:26]} Kf6 {[%emt 0:00:56]} 47. Rxc7 {[%emt 0:00:25]} Ne4+ {[%emt 0:00:04]} 48. Kd3 {[%emt 0:00:54]} Nc5+ {[%emt 0:00:50]} 49. Ke2 {[%emt 0:00:23]} Kf5 {[%emt 0:00:09]} 50. Rf7+ {[%emt 0:00:28]} Ke4 {[%emt 0:00:10]} 51. c7 {[%emt 0:00:25]} Kxd5 {[%emt 0:00:00]} 0-1

[Event "22nd Hoogeveen Open 2018"]
[Site "Hoogeveen"]
[Date "2018.10.25"]
[Round "7"]
[White "Maters, Arthur"]
[Black "Wedda, Dries"]
[Result "1/2-1/2"]
[WhiteElo "1933"]
[BlackElo "2216"]
[Annotator "NA"]
[PlyCount "47"]
[EventDate "2018.10.20"]
[EventType "swiss"]
[EventCountry "NED"]
[SourceTitle "playchess.com"]
[Source "ChessBase"]
[SourceQuality "1"]
[TimeControl "40/5400+30:1800+30"]

1. e4 {[%emt 0:00:00]} c5 {[%emt 0:00:00]} 2. Nf3 {[%emt 0:00:00]} d6 {[%emt 0:00:00]} 3. d4 {[%emt 0:00:00]} cxd4 {[%emt 0:00:00]} 4. Nxd4 {[%emt 0:00:00]} Nf6 {[%emt 0:00:00]} 5. Nc3 {[%emt 0:00:00]} a6 {[%emt 0:00:00]} 6. Rg1 {[%emt 0:00:00]} b5 {[%emt 0:00:45]} 7. g4 {[%emt 0:00:07] B90: Sizilianisch (Najdorf-Variante, Abweichungen)} Bb7 {[%emt 0:00:06]} 8. Bg2 {[%emt 0:00:48]} e5 {[%emt 0:15:17] LiveBook: 4 Games} 9. Nf5 {[%emt 0:04:35]} b4 {[%emt 0:10:47]} 10. g5 {[%emt 0:02:19]} bxc3 {[%emt 0:01:38]} 11. gxf6 {[%emt 0:00:06]} Qxf6 {[%emt 0:01:11]} 12. bxc3 {[%emt 0:03:41]} Nd7 $2 $146 {[%emt 0:19:20]} ({Vorgänger:} 12... g6 $1 $15 {bleibt weiter vorne.} 13. Rb1 Bc6 14. Ne3 Nd7 {½-½ (32) Morais,G (2337)-Siikaluoma,A (2533) ICCF email 2009}) 13. Bh3 {[%emt 0:10:16]} h6 {[%emt 0:06:55] [#]} ({Don't blunder} 13... Bxe4 $2 14. Bg5 $18) 14. Ba3 $1 {[%emt 0:00:21]} Nc5 {[%emt 0:19:28]} 15. Bxc5 {[%emt 0:01:36]} dxc5 {[%emt 0:00:02]} 16. Nxg7+ {[%emt 0:00:15]} Bxg7 {[%emt 0:00:03]} 17. Qd7+ {[%emt 0:00:27]} Kf8 {[%emt 0:00:00]} 18. Qxb7 {[%emt 0:00:13]} Rd8 {[%emt 0:00:04]} 19. Ke2 {[%emt 0:10:02]} Qh4 {[%emt 0:15:28]} 20. Bf5 {[%emt 0:09:27]} Bf6 {[%emt 0:01:13]} 21. Rg4 {[%emt 0:02:33]} Qxh2 {[%emt 0:00:15]} 22. Rag1 {[%emt 0:00:28]} Bh4 $11 {[%emt 0:02:56]} 23. R1g2 {[%emt 0:15:12]} Qh1 {[%emt 0:00:01]} 24. Rg1 {[%emt 0:00:10]} 1/2-1/2

[Event "22nd Hoogeveen Open 2018"]
[Site "Hoogeveen"]
[Date "2018.10.25"]
[Round "7"]
[White "Shakhverdian, William"]
[Black "Achuthan, Dylan"]
[Result "1-0"]
[WhiteElo "1903"]
[BlackElo "1751"]
[Annotator "NA"]
[PlyCount "33"]
[EventDate "2018.10.20"]
[EventType "swiss"]
[EventCountry "NED"]
[SourceTitle "playchess.com"]
[Source "ChessBase"]
[SourceQuality "1"]
[TimeControl "40/5400+30:1800+30"]

1. e4 {[%emt 0:00:00]} c5 {[%emt 0:00:00]} 2. Nf3 {[%emt 0:00:00]} d6 {[%emt 0:00:00]} 3. d4 {[%emt 0:00:00]} cxd4 {[%emt 0:00:00]} 4. Nxd4 {[%emt 0:00:00]} Nf6 {[%emt 0:00:00]} 5. Nc3 {[%emt 0:00:00]} a6 {[%emt 0:00:00]} 6. Bg5 {[%emt 0:00:00]} Nbd7 {[%emt 0:00:00]} 7. Qe2 {[%emt 0:00:00]} b5 {[%emt 0:00:07]} 8. O-O-O {[%emt 0:04:29]} Bb7 {[%emt 0:05:53]} 9. Bxf6 {[%emt 0:02:45]} Nxf6 {[%emt 0:01:22]} 10. e5 {[%emt 0:02:11]} b4 {[%emt 0:03:44]} 11. exf6 {[%emt 0:01:56]} bxc3 {[%emt 0:01:33]} 12. Nf5 {[%emt 0:01:45]} e6 {[%emt 0:12:09]} 13. fxg7 {[%emt 0:01:50]} Qg5+ {[%emt 0:00:41]} 14. Qe3 {[%emt 0:01:10]} cxb2+ {[%emt 0:05:43]} 15. Kb1 {[%emt 0:00:56]} Qxe3 {[%emt 0:00:17]} 16. gxh8=Q {[%emt 0:01:30]} Qa7 {[%emt 0:01:52]} 17. Nxd6+ {[%emt 0:00:28]} 1-0